Football League Top Scorers 2004-2024 - Statistics

General Stats
  • This quiz has been taken 44 times
  • The average score is 28 of 80
Answer Stats
Season League Club/Clubs Goals Player % Correct
2022/23 Premier League Manchester City 36 Erling Haaland
92%
2023/24 Premier League Manchester City 27 Erling Haaland
92%
2004/05 Premier League Arsenal 25 Thierry Henry
92%
2005/06 Premier League Arsenal 27 Thierry Henry
92%
2007/08 Premier League Manchester United 30 Cristiano Ronaldo
89%
2015/16 Premier League Tottenham Hotspur 25 Harry Kane
87%
2016/17 Premier League Tottenham Hotspur 29 Harry Kane
87%
2020/21 Premier League Tottenham Hotspur 23 Harry Kane
87%
2017/18 Premier League Liverpool 32 Mohammed Salah
87%
2021/22 Premier League Liverpool | Tottenham Hotspur 23 Mohammed Salah | Heung-min-Son
87%
2018/19 Premier League Arsenal | Liverpool 22 Pierre-Emerick Aubameyang | Mohammed Salah | Sadio Mane
87%
2006/07 Premier League Chelsea 20 Didier Drogba
84%
2009/10 Premier League Chelsea 29 Didier Drogba
84%
2019/20 Premier League Leicester City 23 Jamie Vardy
84%
2014/15 Premier League Manchester City 26 Sergio Aguero
84%
2013/14 Premier League Liverpool 31 Luis Suarez
76%
2011/12 Premier League Arsenal 30 Robin van Persie
74%
2012/13 Premier League Manchester United 26 Robin van Persie
74%
2010/11 Premier League Manchester United 21 Dimitar Berbatov | Carlos Tevez
66%
2019/20 League One Peterborough United 24 Ivan Toney
61%
2020/21 Championship Brentford 30 Ivan Toney
61%
2019/20 Championship Fulham 26 Aleksandar Mitrovic
53%
2021/22 Championship Fulham 43 Aleksandar Mitrovic
53%
2008/09 Premier League Chelsea 19 Nicolas Anelka
53%
2018/19 Championship Norwich City 29 Teemu Pukki
47%
2010/11 League One Peterborough United 27 Craig Mackail-Smith
45%
2006/07 League One Scunthorpe United 30 Billy Sharp
34%
2016/17 League One Sheffield United 30 Billy Sharp
34%
2005/06 League One Southend | Scunthorpe 23 Freddy Eastwood | Billy Sharp
34%
2022/23 Championship Middlesbrough 28 Cuba Akpom
29%
2005/06 League Two Carlisle | Rochdale 22 Karl Hawley | Rickie Lambert
29%
2009/10 League One Bristol Rovers & Southampton 30 Rickie Lambert
29%
2011/12 Championship Southampton 27 Rickie Lambert
29%
2008/09 League One Swindon | Bristol Rovers 29 Simon Cox | Rickie Lambert
29%
2011/12 League One Huddersfield Town 35 Jordan Rhodes
26%
2023/24 Championship Blackburn Rovers 27 Sammie Szmodics
26%
2004/05 League One Hull City | Bradford City 27 Stuart Elliott | Dean Windass
26%
2022/23 League One Ipswich Town | Peterborough 26 Conor Chaplin | Jonson Clarke-Harris
24%
2012/13 Championship Crystal Palace 30 Glenn Murray
24%
2020/21 League One Peterborough United 31 Jonson Clarke-Harris
24%
2023/24 League Two Notts County 27 Macaulay Langstaff
24%
2011/12 League Two Northampton | Rotherham | Barnet | Wimbledon 18 Adebayo Akinfenwa | Lewis Grabban | Izale Mcleod | Jack Midson
21%
2023/24 League One Charlton Athletic 23 Alfie May
21%
2015/16 League One Wigan Athletic 25 Will Grigg
18%
2007/08 League Two Peterborough United 29 Aaron McLean
16%
2015/16 Championship Brentford & Burnley 25 Andre Gray
16%
2016/17 Championship Leeds United 27 Chris Wood
16%
2009/10 Championship Bristol City | Cardiff City 20 Nickey Maynard | Peter Whittingham
16%
2020/21 League Two Cambridge United 31 Paul Mullin
16%
2013/14 Championship Leeds United 28 Ross McCormack
16%
2007/08 Championship Plymouth Argyle 23 Sylvain Ebanks-Blake
16%
2008/09 Championship Wolverhampton Wanderers 25 Sylvain Ebanks-Blake
16%
2022/23 League Two Bradford City 28 Andy Cook
13%
2014/15 Championship Ipswich Town 27 Daryl Murphy
13%
2019/20 League Two Bradford City & Swindon Town 25 Eoin Doyle
13%
2008/09 League Two Shrewsbury | Chesterfield 20 Grant Holt | Jack Lester
13%
2018/19 League Two Tranmere Rovers 29 James Norwood
13%
2017/18 Championship Derby County 21 Matej Vydra
13%
2004/05 Championship Wigan Athletic 24 Nathan Ellington
13%
2017/18 League Two Accrington Stanley 25 Billy Kee
11%
2017/18 League One Peterborough United 27 Jack Marriott
11%
2018/19 League One Luton Town 25 James Collins
11%
2006/07 Championship Colchester United 23 Jamie Cureton
11%
2016/17 League Two Barnet | Doncaster Rovers 26 John Akinde | John Marquis
11%
2012/13 League One Carlisle & Yeovil 23 Paddy Madden
11%
2006/07 League Two Hartlepool & Mansfield | MK Dons 21 Richie Barker | Izale Mcleod
11%
2012/13 League Two Port Vale 31 Tom Pope
11%
2010/11 Championship Watford 23 Danny Graham
8%
2021/22 League Two Newport County 25 Dominic Telford
8%
2007/08 League One Swansea City 24 Jason Scotland
8%
2014/15 League One Preston North End 25 Joe Garner
8%
2009/10 League Two Notts County 30 Lee Hughes
8%
2005/06 Championship Watford 21 Marlon King
8%
2015/16 League Two Bristol Rovers 27 Matty Taylor
8%
2021/22 League One Wigan Athletic 26 Will Keane
8%
2014/15 League Two AFC Wimbledon & Portsmouth 21 Matt Tubbs
5%
2013/14 League One Bristol City 24 Sam Baldock
5%
2013/14 League Two Scunthorpe United 23 Sam Winnall
5%
2010/11 League Two Crewe Alexandra 28 Clayton Donaldson
3%
2004/05 League Two Yeovil Town 27 Phil Jevons
3%
No matching quizzes found
Score Distribution
Percent of People with Each Score
Percentile by Number Answered
Your Score History
You have not taken this quiz